LDR 00691naa#a2200181#i#450# 001 EN\FGKOU VO SPBU MVD ROSSII\bibl\106645 005 20260701055540.3 011 ## _a2071-8284 100 ## _a20260630b2026####ek#y0engy0150####ca 101 0# _aRUS 102 ## _aRU 200 1# _aCivic education 2.0 _eJournal article 210 1# _aSt. Petersburg _cSAINT-PETERSBURG UNIVERSITY OF THE MINISTRY OF INTERNAL AFFAIRS OF THE RUSSIAN FEDERATION _d2026 215 ## _a14 с. 608 ## _aJournal article _2local 675 ## _aНародное образование. Воспитание. Обучение. Организация досуга. 37 _zRUS 700 #1 _aYurchenko _gMargarita Alekseevna 856 4# _avestnikspbmvd.ru _u